| 000 | 00681nam a2200205 i 4500 | ||
|---|---|---|---|
| 003 | MX-MxUPN | ||
| 005 | 20260514141808.0 | ||
| 008 | 260513q2025 mx|o||||r|||| 000 0 spa d | ||
| 040 |
_aMX-MxUPN _bspa _cMX-MxUPN |
||
| 041 | 0 | _aspa | |
| 050 | 1 | 4 |
_aHD7131 _bA67 2025 |
| 245 | 0 | 0 | _a100 años de seguridad social de los trabajadores del Estado |
| 246 | 0 | 3 | _aCien años de seguridad social de los trabajadores del Estado |
| 260 |
_aCiudad de México : _bISSSTE, _c[2025?] |
||
| 300 |
_a167 páginas : _bfotografías |
||
| 650 | 4 |
_aSeguridad social _zMéxico _xHistoria _959516 |
|
| 902 |
_aMarisolGarcía/130526 _bVíctor Ruiz/140526 |
||
| 942 |
_2lcc _cLIBRO _n0 |
||
| 999 |
_c215073 _d215073 |
||